Optional Protocol to the UN Convention Against Torture / (Record no. 3791)

MARC details
000 -LEADER
fixed length control field 02958cam a2200481 a 4500
001 - CONTROL NUMBER
control field ocn757856647
003 - CONTROL NUMBER IDENTIFIER
control field OCoLC
005 - DATE AND TIME OF LATEST TRANSACTION
control field 20200722160717.0
006 - FIXED-LENGTH DATA ELEMENTS--ADDITIONAL MATERIAL CHARACTERISTICS--GENERAL INFORMATION
fixed length control field m o d
007 - PHYSICAL DESCRIPTION FIXED FIELD--GENERAL INFORMATION
fixed length control field cr cn|||||||||
008 - FIXED-LENGTH DATA ELEMENTS--GENERAL INFORMATION
fixed length control field 110826s2011 enk fob 001 0 eng c
020 ## - INTERNATIONAL STANDARD BOOK NUMBER
International Standard Book Number 0191729485
Qualifying information (ebook)
020 ## - INTERNATIONAL STANDARD BOOK NUMBER
International Standard Book Number 9780191729485
Qualifying information (ebook)
020 ## - INTERNATIONAL STANDARD BOOK NUMBER
Cancelled/invalid ISBN 9780199602193
020 ## - INTERNATIONAL STANDARD BOOK NUMBER
Cancelled/invalid ISBN 0199602190
035 ## - SYSTEM CONTROL NUMBER
System control number (OCoLC)757856647
040 ## - CATALOGING SOURCE
Original cataloging agency StDuBDS
Language of cataloging eng
Description conventions pn
Transcribing agency TZ-ArACH
Modifying agency ILI
042 ## - AUTHENTICATION CODE
Authentication code pcc
049 ## - LOCAL HOLDINGS (OCLC)
Holding library TZAA
050 #4 - LIBRARY OF CONGRESS CALL NUMBER
Classification number KZ7170
Item number .O68
082 04 - DEWEY DECIMAL CLASSIFICATION NUMBER
Classification number 341.48
Edition number 23
245 04 - TITLE STATEMENT
Title Optional Protocol to the UN Convention Against Torture /
Statement of responsibility, etc Rachel Murray [and others].
260 ## - PUBLICATION, DISTRIBUTION, ETC. (IMPRINT)
Place of publication, distribution, etc Oxford :
Name of publisher, distributor, etc Oxford University Press,
Date of publication, distribution, etc 2011.
300 ## - PHYSICAL DESCRIPTION
Extent xx, 241 pages
504 ## - BIBLIOGRAPHY, ETC. NOTE
Bibliography, etc Includes bibliographical references and index.
505 0# - FORMATTED CONTENTS NOTE
Formatted contents note The origins and background of OPCAT -- Drafting OPCAT : towards deadlock : 1991-2000 -- The text of OPCAT -- The scope of OPCAT -- The role of the Subcommittee on Prevention on Torture (SPT) -- The role of NPMs -- OPCAT within the broader UN and regional systems -- Regional trends toward ratification and implementation of OPCAT -- Conclusion: Emerging trends and the future of OPCAT.
520 8# - SUMMARY, ETC.
Summary, etc The Optional Protocol to the United Nations Convention Against Torture was adopted in 2002 and provides for the establishment of national preventive mechanisms to stop torture from happening. This work sets out the powers of these mechanisms, their role within the international framework against torture, and suggests best practices.
610 20 - SUBJECT ADDED ENTRY--CORPORATE NAME
Corporate name or jurisdiction name as entry element United Nations.
Subordinate unit Committee against Torture.
9 (RLIN) 14944
610 27 - SUBJECT ADDED ENTRY--CORPORATE NAME
Corporate name or jurisdiction name as entry element United Nations.
Subordinate unit Committee against Torture.
Source of heading or term fast
9 (RLIN) 14944
630 00 - SUBJECT ADDED ENTRY--UNIFORM TITLE
Uniform title Convention against Torture and Other Cruel, Inhuman, or Degrading Treatment or Punishment
Date of treaty signing (1984 December 10).
Form subheading Protocols, etc.
Date of treaty signing (2002 December 18)
630 07 - SUBJECT ADDED ENTRY--UNIFORM TITLE
Uniform title Convention against Torture and Other Cruel, Inhuman, or Degrading Treatment or Punishment.
Source of heading or term fast
650 #0 - SUBJECT ADDED ENTRY--TOPICAL TERM
Topical term or geographic name as entry element Torture (International law)
650 #0 - SUBJECT ADDED ENTRY--TOPICAL TERM
Topical term or geographic name as entry element Torture
General subdivision Prevention.
650 #7 - SUBJECT ADDED ENTRY--TOPICAL TERM
Topical term or geographic name as entry element Torture (International law)
Source of heading or term fast
650 #7 - SUBJECT ADDED ENTRY--TOPICAL TERM
Topical term or geographic name as entry element Torture
General subdivision Prevention.
Source of heading or term fast
700 1# - ADDED ENTRY--PERSONAL NAME
Personal name Murray, Rachel
Fuller form of name (Rachel H.)
776 08 - ADDITIONAL PHYSICAL FORM ENTRY
Display text Print version:
Main entry heading Murray, Rachel.
Title Optional Protocol to the UN Convention Against Torture.
Place, publisher, and date of publication Oxford ; New York : Oxford University Press, 2011
International Standard Book Number 9780199602193
Record control number (OCoLC)714724968
856 40 - ELECTRONIC LOCATION AND ACCESS
Materials specified Oxford Scholarship Online
Uniform Resource Identifier <a href="http://dx.doi.org/10.1093/acprof:oso/9780199602193.001.0001">http://dx.doi.org/10.1093/acprof:oso/9780199602193.001.0001</a>
856 40 - ELECTRONIC LOCATION AND ACCESS
Materials specified Oxford Scholarship Online
Uniform Resource Identifier <a href="http://www.oxfordscholarship.com/view/10.1093/acprof:oso/9780199602193.001.0001/acprof-9780199602193">http://www.oxfordscholarship.com/view/10.1093/acprof:oso/9780199602193.001.0001/acprof-9780199602193</a>
856 40 - ELECTRONIC LOCATION AND ACCESS
Public note Full-text
Uniform Resource Identifier <a href="http://ezproxy.eui.eu/login?url=http://dx.doi.org/10.1093/acprof:oso/9780199602193.001.0001">http://ezproxy.eui.eu/login?url=http://dx.doi.org/10.1093/acprof:oso/9780199602193.001.0001</a>
856 40 - ELECTRONIC LOCATION AND ACCESS
Uniform Resource Identifier <a href="http://mutex.gmu.edu/login?url=http://dx.doi.org/10.1093/acprof:oso/9780199602193.001.0001">http://mutex.gmu.edu/login?url=http://dx.doi.org/10.1093/acprof:oso/9780199602193.001.0001</a>
Public note Online resource available to Mason students, faculty, staff, and onsite patrons.
942 ## - ADDED ENTRY ELEMENTS (KOHA)
Source of classification or shelving scheme Library of Congress Classification
Koha item type Books
Holdings
Home library Current library Date acquired Full call number Barcode Koha item type
African Court on Human and Peoples' Rights Library African Court on Human and Peoples' Rights Library 13/06/2018 KZ7170 .O68 10216561 Books
African Court on Human and Peoples' Rights Library African Court on Human and Peoples' Rights Library 23/10/2019 KZ7170 .O68 10210628 Books
African Court on Human and Peoples' Rights Library African Court on Human and Peoples' Rights Library 14/01/2020 KZ7170 .O68 10211381 Books
African Court on Human and Peoples' Rights Library African Court on Human and Peoples' Rights Library 22/07/2020 KZ7170 .O68 10206361 Books

African Court on Human and Peoples' Rights | For Inquiries Contact » +255 272 510 510